| 000 | 00427nam a2200145 i 4500 | ||
|---|---|---|---|
| 001 | 68239 | ||
| 003 | ES-MaACL | ||
| 005 | 20230906170230.0 | ||
| 007 | t| | ||
| 008 | 040611s1917 mx ||||1| spa d | ||
| 100 | 1 |
_aGarcía, Telesforo. _954100 |
|
| 245 | 1 | 0 |
_aConsideraciones sobre la actual guerra europea / _cTelesforo García. |
| 260 |
_aMéxico : _b[s.n., _c1917] ( _fImp. de José Ballescá) |
||
| 852 |
_aES-MaACL _j1555-F-12 |
||
| 999 |
_c68239 _d68239 |
||